Csődön kívüli-csőd
Elmentve itt :
| Dokumentumtípus: | Cikk |
|---|---|
| Megjelent: |
1926
|
| Sorozat: | Polgári jog : a hazai és külföldi magánjog és hiteljog szemléje
2 |
| Kulcsszavak: | Csődtörvény jogi eset helyreigazítás |
| Online Access: | http://misc.bibl.u-szeged.hu/15424 |
| LEADER | 00560nab a2200157 i 4500 | ||
|---|---|---|---|
| 001 | misc15424 | ||
| 005 | 20191106143032.0 | ||
| 008 | 170607s1926 hu o 0|| hun d | ||
| 040 | |a SZTE Miscellanea Repozitórium |b hun | ||
| 041 | |a hun | ||
| 245 | 0 | 0 | |a Csődön kívüli-csőd |h [elektronikus dokumentum] |
| 260 | |c 1926 | ||
| 300 | |a 114a | ||
| 490 | 0 | |a Polgári jog : a hazai és külföldi magánjog és hiteljog szemléje |v 2 | |
| 695 | |a Csődtörvény jogi eset helyreigazítás | ||
| 856 | 4 | 0 | |u http://misc.bibl.u-szeged.hu/15424/1/polgari_jog_1926_114a.pdf |z Dokumentum-elérés |